000 01546nam0a2200325 4500
001 RU\NLR\bibl\881379
005 20260408070237.0
010 _a5-98187-067-2
_91000
021 _aRU
_b2006-20924
_91047
035 _a(NLR Aleph) 000869946
090 _a1593189
_c1593189
100 _a20051130d2005 |||y0rusy50 ca
101 0 _arus
102 _aRU
105 _ac |||||||||
200 1 _aРоссия в XX веке
_eсборник статей к 70-летию со дня рождения члена-корреспондента РАН, профессора Валерия Александровича Шишкина
_fРос. акад. наук, Санкт-Петерб. ин-т истории
_gпод ред. [д.ист.н.] В.М. Ковальчука
210 _aСанкт-Петербург
_cНестор-История
_d2005
215 _a402, [1] с.
_d21
320 _aБиблиогр. в конце ст.
607 _aРоссия
_jСборники
_xИстория
_z20 в.
_92083346
_3RU\NLR\auth\661259397
686 _aТ3(2)7я43
686 _aТ3(2)52я43
702 1 _4340
_8rus
_7ca
_aКовальчук
_bВ. М.
_cд-р ист. наук
_f1916-2013
_gВалентин Михайлович
_3RU\NLR\auth\7747812
_930747
712 0 2 _4570
_aСанкт-Петербургский институт истории
_3RU\NLR\AUTH\8810043068
_9585600
801 0 _aRU
_bNLR
_c20051130
_grcr
801 1 _aRU
_bNLR
_c20051130
830 _aред. по кн., дата по ЭК
942 _cBOOK
980 _aNB